| 000 | 01217nam a22002537a 4500 | ||
|---|---|---|---|
| 005 | 20111207162222.0 | ||
| 008 | 111207t xxu||||| |||| 00| 0 mar d | ||
| 010 | _aMAR-21776 | ||
| 020 | _c400.00 | ||
| 035 | _aMR-14434 | ||
| 037 | _bDBAD/PUB | ||
| 040 |
_aDPL _bMR |
||
| 082 | _a891.463 | ||
| 100 |
_936528 _aब्राह्मणकर,विजया |
||
| 245 |
_aबंध / _cविजया ब्राह्मणकर |
||
| 246 |
_aBand _bby Vijay Brahamkar |
||
| 260 |
_aसोलापूर _bस्वरूपदीप प्रकाशन _c2011 |
||
| 270 |
_aब्लॉक नं.12 ब,अ-यशवंत हौसिंग सोसायटी, मार्कंडेयनगर जवळ,कुमठा नाका, _bसोलापूर _e413006 |
||
| 300 |
_a432पृ. _c22सेमी(अजिल्द) |
||
| 650 |
_aमराठी कादंबरी _937129 |
||
| 650 |
_aMarathi Fiction _937130 |
||
| 942 |
_2ddc _cMR _mब्राह्मण _h891.463 |
||
| 999 |
_c59626 _d59626 |
||